Treball tèxtil a la Catalunya contemporània / Montserrat Llonch (ed.)
ISBN:
84-9779-179-5
Descripción Física:
206 p. : il. gràf., fot. ; 24 cm
Colección:
Guimet ; 80
Otros Autores:
Llonch, Montserrat
MARC
| LEADER | 00000nam a2200000Ia 4500 | ||
|---|---|---|---|
| 001 | 17214 | ||
| 008 | 160829s2004 xx 000 0 cat d | ||
| 020 | |a 84-9779-179-5 | ||
| 080 | |a M-5-178 | ||
| 245 | |a Treball tèxtil a la Catalunya contemporània / Montserrat Llonch (ed.) | ||
| 260 | |a Lleida : |b Pagès, |c 2004 | ||
| 300 | |a 206 p. : |b il. gràf., fot. ; |c 24 cm | ||
| 490 | |a Guimet ; 80 | ||
| 590 | |a Bibliografia. | ||
| 590 | |a Amb la col·laboració de la Diputació de Barcelona | ||
| 650 | |a Indústria tèxtil |x Catalunya |x Història |9 28740 | ||
| 650 | |a Treballadors tèxtils |x Catalunya |x Història |9 28741 | ||
| 700 | 1 | |a Llonch, Montserrat |9 28742 | |
| 710 | 1 | |a Barcelona (Catalunya : Província). |b Diputació |9 52408 | |
| 901 | |a Arxiu | ||
| 942 | |n 1 | ||
| 952 | |0 0 |1 0 |4 0 |6 M5178 |7 1 |9 44926 |a Arxiu |b Arxiu |d 2016-12-01 |l 0 |o M-5-178 |p 17214 |r 2016-12-01 00:00:00 |w 2016-12-01 |y ARXIU | ||
| 999 | |c 47525 |d 47525 | ||